Регионална библиотека "Любен Каравелов" - Русе

New Life Study Testament (Запис номер 180462)

MARC детайли
000 -Лидер
Контролно поле с фиксирана дължина 00585nam a2200229 c 4500
003 - Код на организацията, давaща контролен номер
Контролно поле BLK
005 - Дата и час на последна редакция
Контролно поле 20180413135059.0
008 - Елементи от данни с фиксирана дължина
fixed length control field 180411b bul|||||r ||||||| ||bul||
010 ## - Наследен системен номер
LC control number KNG00189319000
040 ## - Източник на каталожния запис
Идентификатор на билиотеката - собственик на записа BLK
041 ## - Код за език
Код за езика на текст/звукозапис или на отделно заглавие Български
Код за езика КДБФ Английски
139 ## - Редно поле
Редна дума New Life Study Testament
Авторски знак New - N 52
245 10 - Сведения за заглавието
Заглавие New Life Study Testament
257 ## - Страна на издаване
Страна на създаване/издаване България
260 ## - Област на издателските данни
-- New York
Година на издаване 1986
380 ## - Жанр
Жанр Религия. Теология
852 ## - Местоположение
Форматна сигнатура Цб І 36865
856 4# - Електронен адрес и достъп
Електронен формат pdf - файл
Път до файла /url/
856 4# - Електронен адрес и достъп
Електронен формат pdf - файл
Път до файла /url/
942 ## - АРТИКУЛИ
Вид на библиотечния материал Книги
Скрит в OPAC Не
944 ## - СЪЗДАВАНЕ И РЕДАКЦИЯ на ЗАПИСА
Създаване/Редакция Създаване
Дата на регистрацията/редакция 20.07.2016
Служител, извършил регистрацията/редакцията Виолета_Тройчева
944 ## - СЪЗДАВАНЕ И РЕДАКЦИЯ на ЗАПИСА
Създаване/Редакция Редакция
Дата на регистрацията/редакция 20.07.2016
Служител, извършил регистрацията/редакцията Пенка_Димитрова
999 ## - СИСТЕМНИ КОНТРОЛНИ НОМЕРА
Koha biblionumber 180462
Koha biblioitemnumber 180462
Наличности
Код за отписване Код за изгубен артикул Код за повреда Коз за рестрикции Код за отдаване Артикулен № Име на библиотеката - собственик Име на библиотеката, в която се намира в момента Статус (Текущо местоположение) Дата на вписване в системата Местоположение - отдел Цена в лева Инвентарен номер Систематично азбучна сигнатура Баркод Номер на екземпляра Цена в евро Служебна бележка Служебен тип на артикула
  Не е изгубен Не е повреден без рестрикции заемане за дома 309243 Регионална библиотека "Любен Каравелов" Русе Регионална библиотека "Любен Каравелов" Русе ЧЧЗО - англ. ез. - Британски съвет 2016-07-18 ЧЧЗО - англ. ез. - Британски съвет 9.00 120000802370 Цб І 36865 120000802370 1 4.60 Дост: DA Вид: А N: 28 Дата: 18.07.2016 Книги
Vip Innovations Ltd, Rousse, Bulgaria 2025